[Event "BL 0708 SG Turm Trier - Godesberger SK"]
[Site "?"]
[Date "2007.12.16"]
[Round "3.5"]
[White "Likavsky, Tomas"]
[Black "Jaracz, Pawel"]
[Result "1-0"]
[WhiteElo "2496"]
[BlackElo "2518"]
[PlyCount "81"]
[EventDate "2007.??.??"]

1. d4 Nf6 2. c4 e6 3. Nc3 Bb4 4. Qc2 O-O 5. a3 Bxc3+ 6. Qxc3 d6 7. f3 c5 8.
dxc5 dxc5 9. e3 Nc6 10. Nh3 e5 11. Nf2 Qe7 12. Bd3 b6 13. O-O Bb7 14. b3 a5 15.
Bb2 Rad8 16. Rad1 Rd7 17. Qc2 Rfd8 18. Ne4 Nxe4 19. Bxe4 Qg5 20. Bc1 Rxd1 21.
Rxd1 Rxd1+ 22. Qxd1 Qd8 23. Qc2 h6 24. Bd5 a4 25. bxa4 Na5 26. e4 Bxd5 27. cxd5
Nb7 28. Bd2 f6 29. Qc4 Nd6 30. Qa6 f5 31. a5 bxa5 32. Bxa5 Qe7 33. exf5 e4 34.
fxe4 Kh7 35. Qe2 Qe5 36. Be1 Nxe4 37. d6 Qd5 38. d7 Qd4+ 39. Kf1 Nf6 40. Qd2
Qc4+ 41. Kg1 1-0

[Event "BL 0708 SG Turm Trier - Godesberger SK"]
[Site "?"]
[Date "2007.12.16"]
[Round "3.7"]
[White "Seul, Georg"]
[Black "Kolbus, Dietmar"]
[Result "1/2-1/2"]
[WhiteElo "2450"]
[BlackElo "2386"]
[PlyCount "42"]
[EventDate "2007.??.??"]

1. e4 c5 2. Nf3 d6 3. Bc4 Nf6 4. e5 dxe5 5. Nxe5 e6 6. Qe2 Bd6 7. f4 O-O 8. d3
Qc7 9. O-O Nc6 10. Nxc6 Qxc6 11. Nc3 Bd7 12. a4 Rae8 13. Ne4 Nd5 14. Bd2 Qc7
15. Nxd6 Qxd6 16. Qe5 Qxe5 17. fxe5 Bc6 18. Bb3 Rc8 19. a5 Rc7 20. Rae1 Rfc8
21. Bxd5 Bxd5 1/2-1/2

[Event "BL 0708 SG Turm Trier - Godesberger SK"]
[Site "?"]
[Date "2007.12.16"]
[Round "3.8"]
[White "Cioara, Andrei Nestor"]
[Black "Dranov, Alexander"]
[Result "1-0"]
[WhiteElo "2428"]
[BlackElo "2439"]
[PlyCount "65"]
[EventDate "2007.??.??"]

1. d4 Nf6 2. c4 e6 3. g3 d5 4. Bg2 Bb4+ 5. Bd2 Be7 6. Nf3 O-O 7. O-O c6 8. Bf4
Nbd7 9. Nc3 dxc4 10. e4 b5 11. d5 exd5 12. exd5 Nxd5 13. Nxd5 cxd5 14. Qxd5 Qb6
15. Nd4 Nc5 16. Nc6 Bf6 17. Be3 Be6 18. Qxc5 Qxc5 19. Bxc5 Bxb2 20. Bxf8 Kxf8
21. Rab1 c3 22. Nd4 Re8 23. Nxe6+ Rxe6 24. Bd5 Re2 25. Bb3 Ba3 26. Rbe1 Rb2 27.
Rc1 b4 28. Rc2 Ke7 29. Rxb2 Bxb2 30. Rd1 a5 31. Rd5 Ke6 32. Rxa5+ Kd6 33. Kf1
1-0

[Event "BL 0708 SC Kreuzberg - SV Mülheim Nord"]
[Site "?"]
[Date "2007.11.25"]
[Round "4.1"]
[White "Fridman, Daniel"]
[Black "Sargissian, Gabriel"]
[Result "0-1"]
[WhiteElo "2621"]
[BlackElo "2673"]
[PlyCount "164"]
[EventDate "2007.??.??"]

1. d4 Nf6 2. c4 e6 3. Nc3 Bb4 4. Qc2 O-O 5. a3 Bxc3+ 6. Qxc3 d6 7. g3 e5 8.
dxe5 dxe5 9. Bg2 Nc6 10. Bg5 h6 11. Bxc6 hxg5 12. Bg2 Re8 13. Nf3 g4 14. Rd1
Qe7 15. Nd2 c6 16. O-O Bf5 17. Qe3 a5 18. Ne4 Bxe4 19. Bxe4 Qe6 20. Qd3 Nxe4
21. Qxe4 Rad8 22. c5 Rd4 23. Rxd4 exd4 24. Qxd4 Qxe2 25. b3 Qe6 26. Qc3 Qd5 27.
b4 axb4 28. Qxb4 Qd7 29. a4 Re5 30. Rb1 Kh7 31. Kg2 Re7 32. Kg1 f5 33. a5 Qd5
34. Rc1 Kg6 35. Rf1 Qd7 36. Qa4 Re4 37. Qb3 Qe7 38. Qb6 Re6 39. Rc1 Kh7 40. a6
bxa6 41. Qxa6 Re1+ 42. Rxe1 Qxe1+ 43. Kg2 Qe4+ 44. Kg1 Qe1+ 45. Kg2 Qe6 46. Kf1
Kg6 47. Qb6 Qd5 48. Ke2 Kf6 49. Qa7 Qd4 50. Qb6 Qe4+ 51. Kf1 Ke6 52. Qc7 Qd3+
53. Ke1 Qb1+ 54. Kd2 Qb4+ 55. Kd3 Qe4+ 56. Kd2 Qd4+ 57. Kc2 Qxf2+ 58. Kb3 Qe3+
59. Ka4 Qd4+ 60. Kb3 Qd3+ 61. Kb2 Qb5+ 62. Ka2 Qc4+ 63. Kb1 Qb3+ 64. Kc1 Qe3+
65. Kb1 Qxc5 66. Qc8+ Ke5 67. Qc7+ Kf6 68. Qd8+ Qe7 69. Qb6 Qe4+ 70. Kb2 Qe5+
71. Kc2 Qe6 72. Kc3 c5 73. Qxc5 Qe5+ 74. Qd4 Ke6 75. Kd3 Qxd4+ 76. Kxd4 Kd6 77.
Kd3 Ke5 78. Ke3 g5 79. Kd3 f4 80. Kd2 Kd4 81. Ke2 Ke4 82. Kf2 Ke5 0-1

[Event "BL 0708 SC Kreuzberg - SV Mülheim Nord"]
[Site "?"]
[Date "2007.11.25"]
[Round "4.3"]
[White "Tregubov, Pavel V"]
[Black "Tischbierek, Raj"]
[Result "1-0"]
[WhiteElo "2609"]
[BlackElo "2487"]
[PlyCount "71"]
[EventDate "2007.??.??"]

1. d4 d5 2. c4 c6 3. Nf3 Nf6 4. e3 g6 5. Nc3 Bg7 6. Be2 O-O 7. O-O Be6 8. Ng5
Bc8 9. Bd2 Nbd7 10. cxd5 cxd5 11. Qb3 e6 12. Rfc1 a6 13. a4 b6 14. Na2 h6 15.
Nf3 Ne4 16. Be1 Bb7 17. Nb4 Nb8 18. Rc2 a5 19. Nd3 Nc6 20. Rac1 Rc8 21. h3 Re8
22. Nde5 Nxe5 23. Nxe5 Rxc2 24. Rxc2 Bxe5 25. dxe5 Re7 26. Qb5 Bc8 27. Rc6 Rb7
28. Qa6 Nc5 29. Qa8 Rc7 30. Rxb6 Nd7 31. Rc6 Rxc6 32. Qxc6 Nxe5 33. Qc5 Bd7 34.
Bxa5 Qb8 35. Bc3 f6 36. a5 1-0

[Event "BL 0708 SC Kreuzberg - SV Mülheim Nord"]
[Site "?"]
[Date "2007.11.25"]
[Round "4.5"]
[White "Golod, Vitali"]
[Black "Volke, Karsten"]
[Result "1-0"]
[WhiteElo "2586"]
[BlackElo "2472"]
[PlyCount "65"]
[EventDate "2007.??.??"]

1. d4 Nf6 2. c4 e6 3. Nc3 Bb4 4. Qc2 O-O 5. a3 Bxc3+ 6. Qxc3 b6 7. Bg5 Bb7 8.
e3 d6 9. Ne2 Nbd7 10. Qc2 c5 11. Rd1 Rc8 12. Nc3 Qc7 13. d5 exd5 14. cxd5 a6
15. a4 c4 16. Be2 b5 17. axb5 axb5 18. Nxb5 Qa5+ 19. Nc3 Nxd5 20. Qa4 Qxa4 21.
Nxa4 Ra8 22. Bxc4 Nxe3 23. Bxe3 Rxa4 24. Bb5 Nb6 25. Bxa4 Nxa4 26. b3 Nc3 27.
Rc1 Na2 28. Rd1 Bxg2 29. Rg1 Bf3 30. Rxd6 Nc3 31. Rxg7+ Kh8 32. Bd4 Re8+ 33.
Kf1 1-0

[Event "BL 0708 SC Kreuzberg - SV Mülheim Nord"]
[Site "?"]
[Date "2007.11.25"]
[Round "4.6"]
[White "Paehtz, Elisabeth"]
[Black "Berelovich, Alexander"]
[Result "1/2-1/2"]
[WhiteElo "2452"]
[BlackElo "2595"]
[PlyCount "38"]
[EventDate "2007.??.??"]

1. e4 e6 2. d4 d5 3. Nc3 Nf6 4. Bg5 dxe4 5. Nxe4 Nbd7 6. Nf3 h6 7. Nxf6+ Nxf6
8. Be3 Nd5 9. Qd2 Bd6 10. Bd3 Qe7 11. O-O O-O 12. Rfe1 Bd7 13. Ne5 Bxe5 14.
dxe5 Nxe3 15. Rxe3 Bc6 16. Rg3 Kh8 17. Rh3 Kg8 18. Rg3 Kh8 19. Rh3 Kg8 1/2-1/2

[Event "BL 0708 SK Zehlendorf - SF Katernberg"]
[Site "?"]
[Date "2007.11.25"]
[Round "4.2"]
[White "Novikov, Stanislav"]
[Black "Glek, Igor V"]
[Result "1-0"]
[WhiteElo "2534"]
[BlackElo "2543"]
[PlyCount "109"]
[EventDate "2007.??.??"]

1. e4 e6 2. d3 d5 3. Nd2 Nf6 4. Ngf3 b6 5. g3 Bb7 6. Bg2 dxe4 7. Ng5 Nc6 8.
Ndxe4 Be7 9. Nxf6+ Bxf6 10. Qh5 Qe7 11. Ne4 O-O-O 12. O-O h6 13. Qe2 g6 14.
Nxf6 Qxf6 15. c3 Ne5 16. Bxb7+ Kxb7 17. d4 Nc6 18. a4 e5 19. dxe5 Nxe5 20. a5
Rhe8 21. Bf4 Nc6 22. Qc4 bxa5 23. b4 Ne5 24. Qb5+ Qb6 25. Rxa5 Nc6 26. Qc4 Nxa5
27. bxa5 Qe6 28. Qxc7+ Ka8 29. Bxh6 Rc8 30. Qf4 f6 31. h4 Rxc3 32. Rb1 Qc6 33.
Bg7 Rc8 34. Kh2 g5 35. Qxf6 Qxf6 36. Bxf6 Rf3 37. Bxg5 Rxf2+ 38. Kh3 Ra2 39.
Rb5 a6 40. Rd5 Kb7 41. h5 Kc6 42. Rf5 Rh8 43. h6 Ra1 44. Kg4 Rh1 45. Rf6+ Kb5
46. Rf5+ Ka4 47. Bf4 Rg8+ 48. Rg5 Rh8 49. Rh5 Rg8+ 50. Bg5 Rf1 51. h7 Rh8 52.
Bf4 Rb1 53. Be5 Rb4+ 54. Kh3 Rb5 55. Rh4+ 1-0

[Event "BL 0708 SK Zehlendorf - SF Katernberg"]
[Site "?"]
[Date "2007.11.25"]
[Round "4.3"]
[White "Postny, Evgeny"]
[Black "Berczes, David"]
[Result "1-0"]
[WhiteElo "2599"]
[BlackElo "2430"]
[PlyCount "172"]
[EventDate "2007.??.??"]

1. d4 d5 2. c4 c6 3. Nf3 Nf6 4. Nc3 e6 5. g3 dxc4 6. Bg2 b5 7. a4 Qb6 8. O-O
Bb7 9. e4 b4 10. a5 Qa6 11. e5 Nfd7 12. Ne4 c5 13. Nfg5 h6 14. Qf3 hxg5 15.
Nd6+ Bxd6 16. Qxb7 Qxb7 17. Bxb7 Be7 18. dxc5 Nxe5 19. Bxa8 Bxc5 20. Bxg5 Nd3
21. Rad1 f6 22. Bc1 f5 23. Bg5 Kf7 24. b3 Nd7 25. Bf3 N7e5 26. Be2 Nxf2 27.
Rxf2 Bxf2+ 28. Kxf2 Rxh2+ 29. Ke3 cxb3 30. Rb1 Kg6 31. Bf4 Nc6 32. Bc7 e5 33.
Bd3 Kf6 34. a6 g5 35. Rxb3 f4+ 36. gxf4 exf4+ 37. Ke4 Rh1 38. Kd5 Ne7+ 39. Kc5
f3 40. Bd8 f2 41. Rb2 f1=Q 42. Bxf1 Rxf1 43. Re2 b3 44. Bxe7+ Kf7 45. Bd6 Rf5+
46. Kb4 Rf6 47. Kc5 Rf5+ 48. Kc4 Ra5 49. Re7+ Kg6 50. Rxa7 b2 51. Rb7 Rxa6 52.
Be5 Kf5 53. Bxb2 g4 54. Kd3 g3 55. Ke2 Rg6 56. Kf1 g2+ 57. Kg1 Rg4 58. Rb3 Ke4
59. Bc1 Rg6 60. Re3+ Kf5 61. Bd2 Rg4 62. Ra3 Rg8 63. Be1 Kf4 64. Bf2 Rg6 65.
Kh2 Ke4 66. Bg3 Rg8 67. Kxg2 Rc8 68. Ra4+ Kf5 69. Bf2 Rc3 70. Kf1 Rb3 71. Ke2
Ke6 72. Be3 Kf5 73. Kf3 Ke5 74. Ra5+ Ke6 75. Ke4 Rb1 76. Ra6+ Kd7 77. Kd5 Rd1+
78. Bd4 Rd2 79. Ra7+ Kd8 80. Kc5 Ke8 81. Rh7 Rd1 82. Be5 Rc1+ 83. Kd6 Kf8 84.
Ke6 Rc6+ 85. Bd6+ Kg8 86. Rh2 Rc1 1-0

[Event "BL 0708 SK Zehlendorf - SF Katernberg"]
[Site "?"]
[Date "2007.11.25"]
[Round "4.4"]
[White "Meister, Jakov"]
[Black "Halkias, Stelios"]
[Result "1/2-1/2"]
[WhiteElo "2491"]
[BlackElo "2590"]
[PlyCount "96"]
[EventDate "2007.??.??"]

1. e4 e5 2. Nf3 Nc6 3. Bb5 a6 4. Ba4 d6 5. Bxc6+ bxc6 6. d4 f6 7. O-O Ne7 8. c4
Ng6 9. Be3 Be7 10. Nc3 O-O 11. Qc2 Kh8 12. b4 Rb8 13. a3 Be6 14. d5 cxd5 15.
cxd5 Bd7 16. Nd2 f5 17. exf5 Bxf5 18. Nde4 Qe8 19. Qe2 Nh4 20. Ng3 Bc8 21. Rac1
Bb7 22. Rfd1 Qd7 23. Nce4 Ng6 24. Nc3 Rbe8 25. b5 axb5 26. Qxb5 c6 27. dxc6
Bxc6 28. Qc4 Nf4 29. Bxf4 exf4 30. Nge4 f3 31. Nd5 Bxd5 32. Qxd5 fxg2 33. Rc3
Bh4 34. Ng3 Qg4 35. Rc4 Rf4 36. Rxf4 Qxf4 37. Kxg2 Rf8 38. Rd2 Bg5 39. Re2 h6
40. Qe4 Qf7 41. a4 d5 42. Qd3 Bd8 43. Qf5 Bf6 44. Qe6 Qb7 45. a5 Ra8 46. Nh5
d4+ 47. Qe4 Qxe4+ 48. Rxe4 Rxa5 1/2-1/2

[Event "BL 0708 SK Zehlendorf - SF Katernberg"]
[Site "?"]
[Date "2007.11.25"]
[Round "4.5"]
[White "Firman, Nazar"]
[Black "Berger, Steve"]
[Result "1-0"]
[WhiteElo "2526"]
[BlackElo "2410"]
[PlyCount "53"]
[EventDate "2007.??.??"]

1. d4 e6 2. c4 Nf6 3. Nc3 Bb4 4. Qc2 d5 5. cxd5 Qxd5 6. e3 c5 7. Bd2 Bxc3 8.
Bxc3 cxd4 9. Bxd4 Nc6 10. Bc3 O-O 11. Nf3 Rd8 12. Be2 Qe4 13. Qb3 Nd5 14. Bd2
b6 15. Bd3 Qg4 16. O-O Bb7 17. h3 Qh5 18. Rfd1 Nf6 19. Be2 Ne5 20. Nd4 Qg6 21.
f3 Rd7 22. Be1 Rad8 23. Kh2 Rd5 24. Rac1 Ned7 25. Qc2 Qh6 26. Qc7 Nc5 27. Nf5
1-0

[Event "BL 0708 SK Zehlendorf - SF Katernberg"]
[Site "?"]
[Date "2007.11.25"]
[Round "4.6"]
[White "Werner, Dimo"]
[Black "Seel, Christian"]
[Result "1/2-1/2"]
[WhiteElo "2346"]
[BlackElo "2495"]
[PlyCount "30"]
[EventDate "2007.??.??"]

1. d4 Nf6 2. c4 g6 3. Nc3 d5 4. cxd5 Nxd5 5. Bd2 Bg7 6. Nf3 O-O 7. Rc1 Nb6 8.
Bg5 h6 9. Bf4 c6 10. e3 Nd5 11. Nxd5 cxd5 12. Bc7 Qd7 13. Bg3 Qd8 14. Bc7 Qd7
15. Bg3 Qd8 1/2-1/2

[Event "BL 0708 SK Zehlendorf - SF Katernberg"]
[Site "?"]
[Date "2007.11.25"]
[Round "4.8"]
[White "Klimm, Wolf-Dietrich"]
[Black "Souleidis, Georgios"]
[Result "0-1"]
[WhiteElo "2286"]
[BlackElo "2421"]
[PlyCount "66"]
[EventDate "2007.??.??"]

1. d4 Nf6 2. c4 g6 3. Nf3 Bg7 4. g3 O-O 5. Bg2 d6 6. O-O Nc6 7. Nc3 a6 8. Bd2
e5 9. d5 Ne7 10. e4 Ne8 11. Ne1 f5 12. Nd3 Nf6 13. f4 Nxe4 14. Nxe4 fxe4 15.
Bxe4 exf4 16. Bxf4 Bh3 17. Bg2 Qd7 18. Bxh3 Qxh3 19. Be3 Nf5 20. Bf2 Nh6 21.
Kh1 g5 22. Bg1 Ng4 23. Rxf8+ Rxf8 24. Qe2 Ne5 25. Nxe5 Bxe5 26. Be3 h6 27. Kg1
Bxg3 28. hxg3 Qxg3+ 29. Kh1 Qh3+ 30. Kg1 Qg3+ 31. Kh1 Re8 32. Re1 Re4 33. Bf2
Rh4# 0-1

[Event "BL 0708 Solinger SG - SC Eppingen"]
[Site "?"]
[Date "2007.11.25"]
[Round "4.1"]
[White "Berkes, Ferenc"]
[Black "Stellwagen, Daniel"]
[Result "1/2-1/2"]
[WhiteElo "2606"]
[BlackElo "2639"]
[PlyCount "41"]
[EventDate "2007.??.??"]

1. d4 d5 2. c4 c6 3. Nf3 Nf6 4. Nc3 e6 5. cxd5 exd5 6. Qc2 Be7 7. Bg5 g6 8. e3
Bf5 9. Bd3 Bxd3 10. Qxd3 Nbd7 11. Bh6 Ng4 12. Bf4 O-O 13. h3 Ngf6 14. O-O Re8
15. Rab1 Qa5 16. Qc2 Nb6 17. b3 Nc8 18. Na4 Nd6 19. Nc5 Nfe4 20. Nxe4 Nxe4 21.
Qb2 1/2-1/2

[Event "BL 0708 Solinger SG - SC Eppingen"]
[Site "?"]
[Date "2007.11.25"]
[Round "4.2"]
[White "Sandipan, Chanda"]
[Black "Braun, Arik"]
[Result "1-0"]
[WhiteElo "2593"]
[BlackElo "2541"]
[PlyCount "63"]
[EventDate "2007.??.??"]

1. e4 e6 2. d4 d5 3. e5 c5 4. c3 Nc6 5. Nf3 Qb6 6. Be2 Nh6 7. Bxh6 gxh6 8. Qd2
Bg7 9. O-O O-O 10. Na3 Bd7 11. Nc2 cxd4 12. cxd4 a5 13. Bd3 f6 14. exf6 Rxf6
15. Ne5 Nxe5 16. dxe5 Rf7 17. Rae1 Qxb2 18. Qe3 Rc8 19. Nd4 Rc3 20. f4 Bf8 21.
f5 Bc5 22. fxe6 Bxe6 23. Rxf7 Bxf7 24. e6 Be8 25. Qg3+ Kh8 26. Qb8 Rxd3 27.
Qxe8+ Kg7 28. Qf7+ Kh8 29. Qf6+ Kg8 30. Qd8+ Kg7 31. Qc7+ Kg8 32. Qxc5 1-0

[Event "BL 0708 Solinger SG - SC Eppingen"]
[Site "?"]
[Date "2007.11.25"]
[Round "4.4"]
[White "Werle, Jan"]
[Black "Acs, Peter"]
[Result "1/2-1/2"]
[WhiteElo "2568"]
[BlackElo "2548"]
[PlyCount "88"]
[EventDate "2007.??.??"]

1. c4 Nf6 2. Nc3 e5 3. g3 Bb4 4. Bg2 O-O 5. e4 Bxc3 6. bxc3 d6 7. d3 Nbd7 8.
Ne2 Nc5 9. h3 Bd7 10. Bg5 a6 11. O-O h6 12. Be3 b5 13. cxb5 axb5 14. f4 Qe7 15.
Bxc5 dxc5 16. fxe5 Qxe5 17. d4 cxd4 18. cxd4 Qe6 19. Nf4 Qb6 20. e5 Ra4 21. Ne2
Nh7 22. Kh2 c6 23. Qd2 Ng5 24. Rac1 Qa5 25. Nc3 Ra3 26. Rc2 b4 27. Ne2 Rd8 28.
Nc1 Rc3 29. Nb3 Qb5 30. Rxc3 bxc3 31. Qf2 Be8 32. Rc1 Qd3 33. Qe1 c2 34. Qa5
Rb8 35. Qc5 Rxb3 36. axb3 Nf3+ 37. Bxf3 Qd2+ 38. Bg2 Qxc1 39. Qe7 Qe3 40. Qxe8+
Kh7 41. Qxc6 c1=Q 42. Be4+ g6 43. Bxg6+ fxg6 44. Qd7+ Kg8 1/2-1/2

[Event "BL 0708 Solinger SG - SC Eppingen"]
[Site "?"]
[Date "2007.11.25"]
[Round "4.5"]
[White "Guliyev, Namig"]
[Black "Hoffmann, Michael"]
[Result "1/2-1/2"]
[WhiteElo "2560"]
[BlackElo "2471"]
[PlyCount "96"]
[EventDate "2007.??.??"]

1. e4 c6 2. d4 d5 3. Nc3 dxe4 4. Nxe4 Bf5 5. Ng3 Bg6 6. N1e2 Nf6 7. Nf4 e5 8.
dxe5 Qa5+ 9. c3 Qxe5+ 10. Be2 Nbd7 11. O-O O-O-O 12. Qa4 Bc5 13. Nxg6 hxg6 14.
Bf4 Rh4 15. Bxe5 Rxa4 16. Bxf6 Nxf6 17. b4 Bd6 18. Bc4 Ra3 19. Rac1 Nd5 20. Bb3
Be5 21. Ne2 f6 22. g3 a5 23. bxa5 Rxa5 24. Rfd1 g5 25. Rd3 Kc7 26. Rcd1 Raa8
27. Kg2 Nb6 28. Kf3 Rxd3+ 29. Rxd3 Nd7 30. Kg4 Nc5 31. Re3 Rh8 32. f4 gxf4 33.
gxf4 Bd6 34. h3 g6 35. Bf7 Rh6 36. Nd4 Kd7 37. f5 g5 38. Nf3 Rh7 39. Be6+ Kc7
40. h4 gxh4 41. Nxh4 b5 42. Bb3 Nd7 43. Ng6 Ne5+ 44. Nxe5 Bxe5 45. a4 Rg7+ 46.
Kh3 Rh7+ 47. Kg4 Rg7+ 48. Kh3 Rh7+ 1/2-1/2

[Event "BL 0708 Solinger SG - SC Eppingen"]
[Site "?"]
[Date "2007.11.25"]
[Round "4.6"]
[White "Ragger, Markus"]
[Black "Medvegy, Zoltan"]
[Result "1/2-1/2"]
[WhiteElo "2528"]
[BlackElo "2512"]
[PlyCount "110"]
[EventDate "2007.??.??"]

1. e4 c6 2. d4 d5 3. Nc3 dxe4 4. Nxe4 Bf5 5. Ng3 Bg6 6. h4 h6 7. Nf3 Nd7 8. h5
Bh7 9. Bd3 Bxd3 10. Qxd3 e6 11. Bf4 Qa5+ 12. Bd2 Qa4 13. a3 Ngf6 14. b3 Qb5 15.
c4 Qa6 16. O-O Bd6 17. Bb4 Bxb4 18. axb4 Qb6 19. Qc3 O-O 20. Ne5 Rfd8 21. Rfe1
Nf8 22. c5 Nd5 23. cxb6 Nxc3 24. Rxa7 Rab8 25. Ne4 Nxe4 26. Rxe4 Rd5 27. Ra5
Nd7 28. Rxd5 cxd5 29. Nxd7 Rd8 30. Re1 Rxd7 31. Rc1 Rd6 32. b5 Rxb6 33. Rc8+
Kh7 34. Rc5 g6 35. hxg6+ Kxg6 36. f3 h5 37. Kf2 h4 38. f4 Kf5 39. Kf3 f6 40. b4
Rd6 41. Rc7 Rb6 42. Rc5 Rd6 43. Rc7 Rd8 44. Rxb7 Ra8 45. Rf7 Rb8 46. Rh7 Rxb5
47. Rxh4 Rxb4 48. Rh6 Rb3+ 49. Kf2 Rd3 50. g4+ Kxg4 51. Rxf6 Rxd4 52. Rxe6 Kxf4
53. Re8 Re4 54. Rxe4+ Kxe4 55. Ke2 d4 1/2-1/2

[Event "BL 0708 Solinger SG - SC Eppingen"]
[Site "?"]
[Date "2007.11.25"]
[Round "4.7"]
[White "Vogt, Lothar"]
[Black "Ernst, Sipke"]
[Result "0-1"]
[WhiteElo "2473"]
[BlackElo "2539"]
[PlyCount "80"]
[EventDate "2007.??.??"]

1. e4 e5 2. Nf3 Nc6 3. Bb5 a6 4. Ba4 d6 5. O-O Bd7 6. c3 g6 7. d4 Bg7 8. Re1 b5
9. Bb3 Nf6 10. Nbd2 O-O 11. h3 Re8 12. dxe5 dxe5 13. a4 Na5 14. Bc2 c5 15. Nf1
Qc7 16. Bg5 Bc6 17. Qe2 Nh5 18. N1d2 Bd7 19. Kh2 h6 20. Be3 Nc6 21. g3 Nd4 22.
cxd4 exd4 23. Bxd4 cxd4 24. Bb3 Qb6 25. Qd3 Rad8 26. axb5 axb5 27. Kg2 Kf8 28.
Ra2 Bc6 29. Rea1 Re7 30. Kg1 Nf6 31. e5 Nd7 32. Ra6 Qb7 33. Ra7 Qb8 34. Qxd4
Bxf3 35. Nxf3 Nxe5 36. Qxd8+ Qxd8 37. Ra8 Nxf3+ 38. Kg2 Re8 39. Rxd8 Rxd8 40.
Kxf3 Rd3+ 0-1

[Event "BL 0708 Solinger SG - SC Eppingen"]
[Site "?"]
[Date "2007.11.25"]
[Round "4.8"]
[White "Gabriel, Christian"]
[Black "Meinhardt, Maximillian"]
[Result "1-0"]
[WhiteElo "2508"]
[BlackElo "2390"]
[PlyCount "68"]
[EventDate "2007.??.??"]

1. d4 d5 2. c4 e6 3. Nf3 c5 4. cxd5 exd5 5. g3 Nc6 6. Bg2 Nf6 7. O-O Be7 8.
dxc5 Bxc5 9. a3 a6 10. b4 Ba7 11. Bb2 O-O 12. Nbd2 Re8 13. Nb3 Qe7 14. e3 Bg4
15. Bxf6 Qxf6 16. Qxd5 Be6 17. Qd1 Rad8 18. Nbd2 Bd5 19. Qc2 Rc8 20. Rac1 Ne7
21. Qd3 Rcd8 22. Qc3 Qh6 23. Rfd1 Qh5 24. Ne1 Nf5 25. Nf1 Bxg2 26. Rxd8 Rxd8
27. Kxg2 Bb6 28. Nf3 h6 29. a4 a5 30. bxa5 Bxa5 31. Qe5 Rd5 32. Rc8+ Kh7 33.
Qe4 Rd6 34. Nd4 g6 1-0

[Event "BL 0708 SV Wattenscheid - TV Tegernsee"]
[Site "?"]
[Date "2007.11.25"]
[Round "4.1"]
[White "Khenkin, Igor"]
[Black "Rustemov, Alexander"]
[Result "1/2-1/2"]
[WhiteElo "2600"]
[BlackElo "2552"]
[PlyCount "25"]
[EventDate "2007.??.??"]

1. d4 d5 2. Nf3 Nf6 3. c4 c6 4. Qb3 e6 5. Bg5 Nbd7 6. Nc3 Be7 7. e3 O-O 8. Bd3
dxc4 9. Qxc4 h6 10. Bh4 c5 11. Rd1 cxd4 12. Qxd4 Nc5 13. Qxd8 1/2-1/2

[Event "BL 0708 SV Wattenscheid - TV Tegernsee"]
[Site "?"]
[Date "2007.11.25"]
[Round "4.2"]
[White "Czarnota, Pawel"]
[Black "Ribli, Zoltan"]
[Result "1/2-1/2"]
[WhiteElo "2554"]
[BlackElo "2577"]
[PlyCount "39"]
[EventDate "2007.??.??"]

1. d4 d5 2. c4 c6 3. Nf3 Nf6 4. e3 Bf5 5. Nc3 e6 6. Nh4 Bg6 7. Nxg6 hxg6 8. a3
Nbd7 9. g3 Be7 10. b3 O-O 11. Bg2 Re8 12. O-O dxc4 13. bxc4 e5 14. Rb1 Qc7 15.
Qb3 b6 16. Rd1 Rac8 17. Bb2 exd4 18. exd4 Bf8 19. Rbc1 a6 20. Qa4 1/2-1/2

[Event "BL 0708 SV Wattenscheid - TV Tegernsee"]
[Site "?"]
[Date "2007.11.25"]
[Round "4.3"]
[White "Teske, Henrik"]
[Black "Appel, Ralf"]
[Result "1/2-1/2"]
[WhiteElo "2518"]
[BlackElo "2529"]
[PlyCount "49"]
[EventDate "2007.??.??"]

1. e4 d5 2. exd5 Nf6 3. d4 Nxd5 4. Nf3 Bg4 5. Bg5 Qd6 6. Nbd2 h6 7. Bh4 Qe6+ 8.
Qe2 Qxe2+ 9. Bxe2 Nd7 10. O-O-O e6 11. Rhe1 Bd6 12. Bg3 O-O-O 13. Nc4 Be7 14.
a3 Rhf8 15. h3 Bh5 16. Bh2 N5b6 17. Nxb6+ Nxb6 18. Be5 Rg8 19. Bh2 Rgf8 20. Ne5
Bxe2 21. Rxe2 Bd6 22. Bf4 Nd7 23. Nd3 Bxf4+ 24. Nxf4 Nf6 25. c3 1/2-1/2

[Event "BL 0708 SV Wattenscheid - TV Tegernsee"]
[Site "?"]
[Date "2007.11.25"]
[Round "4.4"]
[White "Holzke, Frank Dr"]
[Black "Bromberger, Stefan"]
[Result "1-0"]
[WhiteElo "2485"]
[BlackElo "2491"]
[PlyCount "51"]
[EventDate "2007.??.??"]

1. e4 c5 2. Nf3 d6 3. d4 cxd4 4. Nxd4 Nf6 5. Nc3 a6 6. Bg5 e6 7. f4 Qb6 8. Qd2
Qxb2 9. Rb1 Qa3 10. Be2 Be7 11. O-O O-O 12. e5 dxe5 13. fxe5 Nfd7 14. Ne4 Bxg5
15. Qxg5 Qa5 16. Nf6+ Kh8 17. Nxh7 Kxh7 18. Nxe6 Qxe5 19. Qh4+ Kg8 20. Ng5 Qc5+
21. Kh1 Qxc2 22. Rbc1 Qg6 23. Nxf7 Nf6 24. Ne5 Qh6 25. Qc4+ Kh8 26. Bd3 1-0

[Event "BL 0708 SV Wattenscheid - TV Tegernsee"]
[Site "?"]
[Date "2007.11.25"]
[Round "4.5"]
[White "Boensch, Uwe"]
[Black "Handke, Florian"]
[Result "1/2-1/2"]
[WhiteElo "2530"]
[BlackElo "2497"]
[PlyCount "71"]
[EventDate "2007.??.??"]

1. c4 Nf6 2. Nf3 e6 3. b3 b6 4. g3 Bb7 5. Bg2 c5 6. O-O Be7 7. Bb2 O-O 8. e3 a6
9. Nc3 d5 10. d3 Nbd7 11. Qe2 Qc7 12. Rac1 Rac8 13. cxd5 Nxd5 14. Nxd5 Bxd5 15.
e4 Bc6 16. b4 Qd6 17. bxc5 Nxc5 18. Nd4 Bd7 19. e5 Qb8 20. Ba3 Rfd8 21. Qe3 Be8
22. Rc3 Bf8 23. Rfc1 Na4 24. Rxc8 Rxc8 25. Bxf8 Kxf8 26. Nc6 Bxc6 27. Rxc6 Rxc6
28. Bxc6 b5 29. d4 Qc7 30. d5 exd5 31. Bxd5 Nc5 32. f4 Na4 33. Bb3 Nc5 34. Bd5
Na4 35. Bb3 Nc5 36. Bd5 1/2-1/2

[Event "BL 0708 SV Wattenscheid - TV Tegernsee"]
[Site "?"]
[Date "2007.11.25"]
[Round "4.8"]
[White "Thiel, Thomas"]
[Black "Gross, David"]
[Result "1/2-1/2"]
[WhiteElo "2283"]
[BlackElo "2491"]
[PlyCount "72"]
[EventDate "2007.??.??"]

1. e4 c6 2. d4 d5 3. exd5 cxd5 4. c4 Nf6 5. Nc3 e6 6. Nf3 Bb4 7. cxd5 Nxd5 8.
Qc2 Nc6 9. Be2 Nce7 10. O-O O-O 11. Rd1 Qc7 12. Bd2 Bd6 13. Bd3 h6 14. Rac1 Nb4
15. Bh7+ Kh8 16. Qb3 Kxh7 17. Nb5 Qb6 18. Bxb4 Bxb4 19. Qxb4 Bd7 20. Qxe7 Bxb5
21. Ne5 Rae8 22. Qc7 Kg8 23. Qxb6 axb6 24. Nc4 Bxc4 25. Rxc4 Rc8 26. Rdc1 Rxc4
27. Rxc4 Rd8 28. Kf1 Rd7 29. Ke2 Kf8 30. Kd3 Ke7 31. a4 f5 32. f4 g5 33. g3
gxf4 34. gxf4 Kd6 35. Rb4 Kc6 36. Rc4+ Kd6 1/2-1/2

[Event "BL 0708 Hamburger SK - Bindl-Aktionär"]
[Site "?"]
[Date "2007.11.25"]
[Round "4.1"]
[White "Baklan, Vladimir"]
[Black "Ftacnik, Lubomir Dr"]
[Result "1/2-1/2"]
[WhiteElo "2639"]
[BlackElo "2553"]
[PlyCount "59"]
[EventDate "2007.??.??"]

1. e4 c5 2. Nf3 d6 3. d4 cxd4 4. Nxd4 Nf6 5. Nc3 e6 6. g3 a6 7. Bg2 Qc7 8. O-O
Nc6 9. Nxc6 bxc6 10. Na4 Bb7 11. c4 c5 12. Nc3 Be7 13. Be3 O-O 14. Rc1 Bc6 15.
h3 Qb7 16. Qc2 Rab8 17. Rfd1 Rfd8 18. b3 Ne8 19. Rb1 Bf6 20. Ne2 Nc7 21. Bd2 d5
22. exd5 exd5 23. Nf4 dxc4 24. bxc4 Qa8 25. Rxb8 Rxb8 26. Bxc6 Qxc6 27. Bc3
Bxc3 28. Qxc3 h6 29. Nd5 Nxd5 30. cxd5 1/2-1/2

[Event "BL 0708 Hamburger SK - Bindl-Aktionär"]
[Site "?"]
[Date "2007.11.25"]
[Round "4.2"]
[White "Hansen, Sune Berg"]
[Black "Bindrich, Falko"]
[Result "1/2-1/2"]
[WhiteElo "2564"]
[BlackElo "2512"]
[PlyCount "54"]
[EventDate "2007.??.??"]

1. e4 e5 2. Nf3 Nc6 3. Bb5 Nf6 4. d3 d6 5. c3 Bd7 6. Nbd2 g6 7. Nf1 Bg7 8. Bg5
h6 9. Bh4 O-O 10. Ne3 Qe8 11. Ba4 Rc8 12. Bxf6 Bxf6 13. h4 h5 14. Bb3 Kg7 15.
Qe2 b5 16. Nd2 Rh8 17. Qf3 b4 18. Qg3 bxc3 19. bxc3 Na5 20. Bd5 Qe7 21. Nb3
Nxb3 22. axb3 c6 23. Bc4 Rc7 24. Ke2 Bc8 25. Ra5 Rd8 26. b4 Kf8 27. Bb3 Rb7
1/2-1/2